| 000 | 01211cam a2200301 a 4500 | ||
|---|---|---|---|
| 001 | 15954537 | ||
| 005 | 20100726092910.0 | ||
| 008 | 091021s2010 maua 001 0 eng | ||
| 010 | _a 2009041498 | ||
| 020 | _a185617719X (alk. paper) | ||
| 020 | _a9781856177191 (alk. paper) | ||
| 035 | _a(OCoLC)ocn298783710 | ||
| 040 |
_aDLC _cDLC _dYDX _dBTCTA _dYDXCP _dCDX _dDLC |
||
| 050 | 0 | 0 |
_aTJ223.P76 _bI275 2010 |
| 082 | 0 | 0 |
_a004.16 _222 _bIBR |
| 100 | 1 |
_aIbrahim, Dogan. _923474 |
|
| 245 | 1 | 0 |
_aSD Card Projects using the PIC Microcontroller / _cDogan Ibrahim. |
| 260 |
_aBurlington, MA : _bNewnes/Elsevier, 2010 _cc2010. |
||
| 300 |
_axxiii, 545 p. : _bill. ; _c24 cm. |
||
| 500 | _aIncludes index | ||
| 650 | 0 |
_aMicrocontrollers _xProgramming. _923475 |
|
| 650 | 0 |
_aProgrammable controllers. _923476 |
|
| 650 | 0 |
_aComputer storage devices. _923477 |
|
| 653 |
_bCS _cApril2011 |
||
| 942 |
_2ddc _cBB |
||
| 999 |
_c15216 _d15216 |
||